| 000 | 00621nam a2200229Ia 4500 | ||
|---|---|---|---|
| 003 | OSt | ||
| 005 | 20220928114908.0 | ||
| 006 | a|||||r|||| 00| 0 | ||
| 007 | ta | ||
| 008 | 220927b |||||||| |||| 00| 0 eng d | ||
| 024 | _a131661 | ||
| 037 | _cTextual | ||
| 040 |
_aSDCL _cSDCL _beng |
||
| 041 |
_2eng _aeng |
||
| 082 | _aO5,2:g(S:55), K1 | ||
| 100 |
_aFrye Prosser Hall _9442223 |
||
| 245 | 0 | _aRomance and tragedy. | |
| 260 |
_aLincoln _bUniversity of Nebraska Press _c1961 |
||
| 300 |
_ax,372p _ccm. |
||
| 942 |
_hO5,2:g(S:55), K1 _cTEXL _2CC |
||
| 999 |
_c757506 _d757506 |
||